000 01051cam a22002894a 4500
001 12203345
003 ARRUPE
005 20131104172213.0
008 001017s2001 nyu b 000 0 eng
010 _a 00051686
020 _a0809140098
040 _aDLC
_cDLC
_dDLC
042 _apcc
050 0 0 _aRT85.2
_b.O367 2001
100 1 _aO'Brien, Mary Elizabeth.
_93143
245 1 4 _aThe nurse's calling :
_ba Christian spirituality of caring for the sick /
_cMary Elizabeth O'Brien.
260 _aNew York :
_bPaulist Press,
_c2001.
300 _axiii, 141 p. ;
_c23 cm.
504 _a"Notes": p. 127-141.
650 0 _aNursing
_xReligious aspects
_xChristianity.
_93144
650 0 _aNursing ethics.
_93145
650 0 _aChristian life.
_93146
650 0 _aCaring
_xReligious aspects
_xChristianity.
_93147
906 _a7
_bcbc
_corignew
_d1
_eocip
_f20
_gy-gencatlg
942 _2lcc
_cMONOGRAPH
999 _c118492
_d118492